| 000 | 02862nam a2200289 a 4500 | ||
|---|---|---|---|
| 001 | |||
| 003 | DO-SdBNP | ||
| 005 | 20240209104124.0 | ||
| 008 | 090701s2023 dr 001 0cspa d | ||
| 020 | _a9789945187298 | ||
| 040 |
_aDO-SdBNP _bspa _cBPMSU |
||
| 082 | 4 |
_aCu861.6 _bB928c 2023 _222 |
|
| 100 | 1 |
_a Buesa, José Angel, _d1910-1982. |
|
| 245 | 1 | 0 |
_aCanto a Duarte / _cJosé Ángel Buesa ; edición y prólogo de Luis Beiro Álvarez |
| 260 |
_aSanto Domingo : _bComisión Permanente de Efemérides Patrias, _c2023 |
||
| 300 |
_a85 p. ; _c23 cm. |
||
| 504 | _aBibliografía : p. 119-121 | ||
| 505 | 0 |
_tPresentación -- _tPrólogo -- _gJuan Pablo Duarte -- _tInfancia de Duarte -- _tAdolescencia -- _tPasos que dió para lograr la liberación de la Patria -- _tDuarte y la reforma -- _tRegreso de Duarte -- _tDuarte sale deportado -- _tReflexiones sobre algunas cualidades de Juan Pablo Duarte -- _tVocación de maestro -- _tCapacidad de liderazgo -- _tSu vocación religiosa -- _tEl patriotismo de Duarte -- _tDuarte y su amor a los libros -- _tNacionalismo de Duarte -- _tCartas y otros escritos de Duarte -- _tAlgunos pensamientos de Duarte -- _tHimno a Juan Pablo Duarte -- _tPoemas de Duarte -- _tPoesía a Duarte -- _tA Duarte -- _gFrancisco del Rosario Sánchez -- _tFrancisco del Rosario Sánchez -- _tSánchez y el movimiento La Reforma -- _tPlanes del protectorado -- _tContinuación de las labores patrióticas -- _tLos Trinitarios y su alianza con los conservadores afrancesados -- _tLos Trinitarios hacia la proclamación de la independencia -- _tSánchez y la proclamación de independencia -- _tLos conservadores continuán en sus planes de protectorado -- _tRegreso de Duarte -- _tExpulsión de los Trinitarios -- _tFacetas de la vida de Francisco del Rosario Sánchez -- _tInfancia y adolescencia -- _tSánchez y algunas decepciones de su vida -- _tSu vida familiar -- _tSánchez y su liderazgo -- _tEjemplo que legó Sánchez a los dominicanos -- _tOpiniones sobre Sánchez -- _tHimno a Francisco del Rosario Sánchez -- _tPoema a Sánchez -- _tPoesía de un autor anónimo -- _gRamón Matías Mella -- _tRamón Matías Mella -- _tLa noche del 27 de febrero. El trabucazo -- _tMella proclama a Duarte -- _tGolpe de Estado de Santana. Destino de Mella -- _tMella y la Revolución del 1857 -- _tMella y la anexión de 1861 -- _tFacetas de la vida de Mella -- _tMella y las tácticas militares -- _tHimno a Matías Ramón Mella -- _tPoemas dedicadas a Mella -- _tPoesía a Mella -- _tGrito de Redención -- _tVocabulario -- _tBibliografía |
|
| 590 | _aInventariado, 2023/VM | ||
| 600 | 1 | 4 |
_aDuarte, Juan Pablo, _d1813-1876 _vPoesía |
| 650 | 4 | _aPoesía cubana | |
| 650 | 4 | _aLiteratura cubana | |
| 700 | 1 |
_aBeiro Álvarez, Luis _eprólogo |
|
| 710 | 2 | _aComisión Permanente de Efemérides Patria (República Dominicana) | |
| 910 | _aVMateo V. Cotrol de calidad. BPMSU | ||
| 942 |
_2ddc _cBK |
||
| 999 |
_c14564 _d14564 |
||